[Event "Mittelfrank Regionalliga Sud-West 2223"]
[Site "Mittelfranken"]
[Date "2022.12.11"]
[Round "4.2"]
[White "Ruprecht, Martin"]
[Black "Nuber, Korbinian"]
[Result "0-1"]
[WhiteElo "2075"]
[BlackElo "2231"]
[PlyCount "96"]
[EventDate "2022.10.09"]
[EventType "team-tourn"]
[EventRounds "9"]
[EventCountry "GER"]
[SourceTitle "EXT 2024"]
[Source "ChessBase"]
[SourceDate "2023.10.10"]
[SourceVersion "1"]
[SourceVersionDate "2023.10.10"]
[SourceQuality "1"]
[WhiteTeam "Marktoberdorf"]
[BlackTeam "Dillingen"]
[WhiteTeamCountry "GER"]
[BlackTeamCountry "GER"]

1. d4 d5 2. c4 c6 3. Nc3 Nf6 4. Nf3 a6 5. c5 Nbd7 6. Bf4 g6 7. h3 Bg7 8. e3 0-0 9. Bd3 Ne8 10. 0-0 Nc7 11. e4 dxe4 12. Bxe4 Nf6 13. Bc2 Be6 14. Be5 Qd7 15. Bb3 Rad8 16. Bxe6 Nxe6 17. Qb3 Qc8 18. Rad1 Nd5 19. Qc4 Nef4 20. Nxd5 Nxd5 21. Bg3 Nc7 22. Bh4 Rfe8 23. b4 Rd5 24. Rd3 Qd7 25. Rfd1 Rd8 26. Bg3 Ne6 27. Be5 h5 28. Bxg7 Kxg7 29. Qc2 Qc7 30. Qd2 g5 31. Qe3 Qf4 32. g3 Qf6 33. Qe4 Qg6 34. Re3 Qxe4 35. Rxe4 Kf8 36. a3 Nc7 37. Rde1 e6 38. a4 Kg7 39. g4 hxg4 40. hxg4 Ne8 41. b5 Nf6 42. R4e2 Nxg4 43. bxc6 bxc6 44. Rb1 Nh6 45. Rb6 Nf5 46. Rxa6 g4 47. Ne5 Nxd4 48. Re4 Rxe5 0-1

[Event "GER-ch Net Amateur Gr-A Final"]
[Site "Playchess.com INT"]
[Date "2020.04.18"]
[Round "8"]
[White "Wichmann, Cliff"]
[Black "Nuber, Korbinian"]
[Result "1-0"]
[WhiteElo "2155"]
[BlackElo "2196"]
[PlyCount "65"]
[EventDate "2020.04.18"]
[EventType "swiss (blitz)"]
[EventRounds "13"]
[EventCountry "GER"]
[SourceTitle "CBM 195 Extra"]
[Source "ChessBase"]
[SourceDate "2020.05.31"]
[SourceVersion "1"]
[SourceVersionDate "2020.05.31"]
[SourceQuality "1"]

1. d4 d5 2. Nf3 Nf6 3. c4 c6 4. Nc3 a6 5. e3 b5 6. b3 Bg4 7. Qc2 e6 8. Ne5 Bf5 9. Bd3 Bxd3 10. Qxd3 Bd6 11. f4 0-0 12. 0-0 Qc7 13. Bb2 Nbd7 14. cxd5 cxd5 15. Rac1 Qb6 16. Rf3 Rac8 17. Rh3 h6 18. Rf1 b4 19. Ne2 Qb5 20. Qd1 Ne4 21. f5 Ndf6 22. fxe6 fxe6 23. Nf4 Bxe5 24. dxe5 Nd7 25. Qg4 Ndc5 26. Rxh6 Rxf4 27. Rxf4 Qd3 28. Bd4 Nd2 29. h3 Qb1+ 30. Kh2 Nf1+ 31. Rxf1 Qxf1 32. Rxe6 Rf8 33. Bxc5 1-0

[Event "GER-ch Net Amateur Gr-A Vor1"]
[Site "Playchess.com INT"]
[Date "2020.04.14"]
[Round "4"]
[White "Nuber, Korbinian"]
[Black "Boder, Jan"]
[Result "1/2-1/2"]
[WhiteElo "2004"]
[BlackElo "1892"]
[PlyCount "117"]
[EventDate "2020.04.14"]
[EventType "swiss (blitz)"]
[EventRounds "9"]
[EventCountry "GER"]
[SourceTitle "EXT 2021"]
[Source "ChessBase"]
[SourceDate "2020.10.23"]
[SourceVersion "1"]
[SourceVersionDate "2020.10.23"]
[SourceQuality "1"]

1. e4 c5 2. Nc3 Nc6 3. Bb5 Nd4 4. Bc4 g6 5. Nge2 Bg7 6. 0-0 Nh6 7. Nxd4 cxd4 8. Ne2 0-0 9. d3 Ng4 10. h3 Ne5 11. Nxd4 Nxc4 12. dxc4 Qb6 13. c3 d6 14. Rb1 Be6 15. b3 Qa5 16. Qc2 Rac8 17. Be3 a6 18. Nxe6 fxe6 19. Bd4 Rf4 20. Bxg7 Kxg7 21. Rbc1 Qe5 22. f3 Rcf8 23. Qd2 Qh5 24. Rcd1 Qh4 25. Kh2 Qh5 26. Qd4+ Kg8 27. b4 Rh4 28. c5 d5 29. Rde1 Qg5 30. Qe3 Qe5+ 31. Kh1 Qg3 32. Qf2 Qg5 33. exd5 exd5 34. Qe3 Qg3 35. Qe6+ Rf7 36. Re2 d4 37. cxd4 Rxd4 38. Qe5 Qxe5 39. Rxe5 Rxb4 40. Rfe1 Rc4 41. Rxe7 Rxc5 42. R1e2 Rc7 43. Rxc7 Rxc7 44. Kh2 Kf7 45. Kg3 Kf6 46. Kf4 Rc4+ 47. Ke3 Rc7 48. Kd4 b6 49. Kd5 Rc5+ 50. Kd6 h5 51. Rb2 Ra5 52. Kc6 b5 53. Kb6 Ra3 54. Kc5 Kf5 55. Kb4 Re3 56. Ka5 Ra3+ 57. Kb4 Re3 58. Ka5 Ra3+ 59. Kb4 1/2-1/2

[Event "Landesliga Sued 1617"]
[Site "Bayern"]
[Date "2017.02.19"]
[Round "6.3"]
[White "Nuber, Korbinian"]
[Black "Lang, Zalan Andreas"]
[Result "1/2-1/2"]
[WhiteElo "2264"]
[BlackElo "2246"]
[PlyCount "85"]
[EventDate "2016.10.16"]
[EventType "team-tourn"]
[EventRounds "9"]
[EventCountry "GER"]
[SourceTitle "EXT 2019"]
[Source "ChessBase"]
[SourceDate "2018.10.10"]
[SourceVersion "1"]
[SourceVersionDate "2018.10.10"]
[SourceQuality "1"]
[WhiteTeam "Dillingen"]
[BlackTeam "Haunstetten"]
[WhiteTeamCountry "GER"]
[BlackTeamCountry "GER"]

1. e4 e5 2. Nf3 Nc6 3. Bb5 a6 4. Bxc6 dxc6 5. 0-0 Qd6 6. Na3 Be6 7. c3 c5 8. Qa4+ Bd7 9. Qb3 b5 10. d3 Be6 11. Qc2 Rd8 12. Be3 Bg4 13. Ne1 Ne7 14. f4 exf4 15. Bxf4 Qd7 16. Qf2 Ng6 17. Be3 c4 18. Nac2 cxd3 19. Nxd3 Be2 20. Qxe2 Qxd3 21. Qf2 f6 22. Bd4 Bd6 23. b3 Ne5 24. Rfe1 Ng4 25. Qf5 0-0 26. Qxg4 Qxc2 27. Re2 Qd3 28. Rf2 Be5 29. Bxe5 fxe5 30. Qe6+ Kh8 31. Rxf8+ Rxf8 32. Qxe5 Qe3+ 33. Kh1 Qe2 34. h3 h6 35. Qg3 Qxe4 36. Re1 Qf4 37. Qxf4 Rxf4 38. Re6 Rf1+ 39. Kh2 Rc1 40. Rc6 Rc2 41. a4 b4 42. c4 Rc3 43. Rxc7 1/2-1/2

[Event "Landesliga Sued 1516"]
[Site "Bayern"]
[Date "2015.10.25"]
[Round "2.2"]
[White "Nuber, Korbinian"]
[Black "Delchev, Aleksander"]
[Result "0-1"]
[WhiteElo "2264"]
[BlackElo "2548"]
[PlyCount "108"]
[EventDate "2015.10.11"]
[EventType "team-tourn"]
[EventRounds "9"]
[EventCountry "GER"]
[SourceTitle "EXT 2018"]
[Source "ChessBase"]
[SourceDate "2017.10.13"]
[SourceVersion "1"]
[SourceVersionDate "2017.10.13"]
[SourceQuality "1"]
[WhiteTeam "Dillingen"]
[BlackTeam "Deggendorf"]
[WhiteTeamCountry "GER"]
[BlackTeamCountry "GER"]

1. e4 c5 2. b3 e6 3. Bb2 a6 4. g3 d5 5. exd5 Qxd5 6. Qf3 Qxf3 7. Nxf3 b6 8. Bg2 Bb7 9. 0-0 Nd7 10. d3 Ngf6 11. Nbd2 Be7 12. Nc4 0-0 13. Rfe1 Rab8 14. Nfe5 Bxg2 15. Kxg2 Rfc8 16. a4 Nf8 17. Ne3 Rb7 18. c4 N6d7 19. Nf3 Nb8 20. d4 cxd4 21. Bxd4 Nc6 22. Bc3 Nd7 23. Red1 Nc5 24. Rab1 h5 25. Ba1 Nb4 26. Kf1 f6 27. Ke2 Kf7 28. Nd4 Rd7 29. Bc3 Ne4 30. Be1 Na2 31. Rd3 Rxd4 32. Rxd4 Nec3+ 33. Kd3 Nxb1 34. Kc2 Na3+ 35. Kb2 Nb4 36. Rd1 Nc6 37. b4 Nxb4 38. Kxa3 Nc2+ 39. Kb3 Nxe1 40. Rxe1 Rd8 41. Kc2 Bb4 42. Re2 g5 43. Nd1 Rd4 44. Nb2 h4 45. f3 a5 46. g4 h3 47. Kb3 f5 48. gxf5 exf5 49. Re5 Kf6 50. Rb5 Bc5 51. Kc3 g4 52. fxg4 fxg4 53. Nd3 Rxd3+ 54. Kxd3 g3 0-1

[Event "Oberliga Bayern 1415"]
[Site "Germany"]
[Date "2015.03.15"]
[Round "8.2"]
[White "Nuber, Korbinian"]
[Black "Speckner, Roland"]
[Result "1/2-1/2"]
[WhiteElo "2265"]
[BlackElo "2335"]
[PlyCount "87"]
[EventDate "2014.10.19"]
[EventType "team-tourn"]
[EventRounds "9"]
[EventCountry "GER"]
[SourceTitle "EXT 2016"]
[Source "ChessBase"]
[SourceDate "2015.10.08"]
[SourceVersion "1"]
[SourceVersionDate "2015.10.08"]
[SourceQuality "1"]
[WhiteTeam "Dillingen"]
[BlackTeam "Kareth Lappersdorf"]
[WhiteTeamCountry "GER"]
[BlackTeamCountry "GER"]

1. e4 c6 2. d4 d5 3. Nc3 dxe4 4. Nxe4 Bf5 5. Ng3 Bg6 6. h4 h6 7. Nf3 Nd7 8. Bd3 Bxd3 9. Qxd3 e6 10. Bd2 Ngf6 11. 0-0-0 Be7 12. c4 0-0 13. Ne4 b5 14. cxb5 Nxe4 15. Qxe4 cxb5 16. Kb1 Nf6 17. Qe2 Qd5 18. Ne5 Ne4 19. Bf4 Nd6 20. g4 Rfc8 21. f3 b4 22. h5 Nb5 23. Qe4 Bf6 24. Rhe1 a5 25. Rd3 a4 26. Qxd5 exd5 27. Bd2 b3 28. axb3 axb3 29. Be3 Ra4 30. Rxb3 Nxd4 31. Bxd4 Rxd4 32. Nd7 Bg5 33. Rc3 Rd8 34. Ne5 Bd2 35. Nc6 Bxe1 36. Rc1 Rf4 37. Nxd8 Bh4 38. Rc8 Kh7 39. Nc6 Rxf3 40. b4 Be1 41. Ka2 Rc3 42. b5 Rc5 43. Na7 Rxc8 44. Nxc8 1/2-1/2

[Event "Oberliga Bayern 1415"]
[Site "Germany"]
[Date "2014.12.07"]
[Round "4.2"]
[White "Loetscher, Roland"]
[Black "Nuber, Korbinian"]
[Result "1/2-1/2"]
[WhiteElo "2420"]
[BlackElo "2265"]
[PlyCount "96"]
[EventDate "2014.10.19"]
[EventType "team-tourn"]
[EventRounds "9"]
[EventCountry "GER"]
[SourceTitle "EXT 2016"]
[Source "ChessBase"]
[SourceDate "2015.10.08"]
[SourceVersion "1"]
[SourceVersionDate "2015.10.08"]
[SourceQuality "1"]
[WhiteTeam "Garching"]
[BlackTeam "Dillingen"]
[WhiteTeamCountry "GER"]
[BlackTeamCountry "GER"]

1. d4 d5 2. c4 c6 3. Nf3 Nf6 4. e3 a6 5. Nc3 b5 6. c5 Nbd7 7. a3 g6 8. b4 Bg7 9. a4 Bb7 10. Bd3 0-0 11. 0-0 Ne8 12. e4 dxe4 13. Bxe4 Ndf6 14. Bc2 Nc7 15. Bd2 bxa4 16. Rxa4 Nb5 17. Ne2 Bc8 18. Ne5 Qc7 19. Bf4 Qb7 20. Qd2 Be6 21. Rfa1 Rfd8 22. h3 Nd5 23. Bg3 f6 24. Nf3 Bf7 25. Bd3 Ndc7 26. Ra5 Kf8 27. h4 Ne6 28. Qe3 Nbc7 29. R5a4 Nd5 30. Qd2 Ndc7 31. h5 Nb5 32. Qe3 Rd7 33. hxg6 hxg6 34. Bxg6 Nexd4 35. Nfxd4 Bxg6 36. Ne6+ Kg8 37. Qf3 Bf7 38. Qg4 Bxe6 39. Qxe6+ Kh8 40. Nf4 Nd4 41. Qh3+ Kg8 42. Rxa6 Rxa6 43. Rxa6 Nf3+ 44. gxf3 Rd1+ 45. Kh2 Qxa6 46. Qe6+ Kh7 47. Qe4+ Kg8 48. Qe6+ Kh7 1/2-1/2

[Event "Oberliga Bayern 1314"]
[Site "Bayern"]
[Date "2013.12.15"]
[Round "4.2"]
[White "Nuber, Korbinian"]
[Black "Kostic, Vladimir G"]
[Result "1-0"]
[WhiteElo "2270"]
[BlackElo "2436"]
[PlyCount "65"]
[EventDate "2013.10.13"]
[EventType "team-tourn"]
[EventRounds "9"]
[EventCountry "GER"]
[SourceTitle "EXT 2015"]
[Source "ChessBase"]
[SourceDate "2014.11.20"]
[SourceVersion "1"]
[SourceVersionDate "2014.11.20"]
[SourceQuality "1"]
[WhiteTeam "Dillingen"]
[BlackTeam "Muenchen Suedost"]
[WhiteTeamCountry "GER"]
[BlackTeamCountry "GER"]

1. e4 e5 2. Nf3 Nc6 3. Bb5 Bc5 4. 0-0 Nf6 5. Bxc6 dxc6 6. Nxe5 0-0 7. d3 Qe7 8. Nf3 Bg4 9. Be3 Bxe3 10. fxe3 Qb4 11. Qc1 Qc5 12. Nc3 Rad8 13. h3 Bc8 14. Qe1 b5 15. a3 a5 16. Nd4 b4 17. axb4 axb4 18. Nce2 Ne8 19. c3 bxc3 20. Qxc3 Qg5 21. Rf3 Bd7 22. Rg3 Qh6 23. Ra6 Qd6 24. Nf4 Qe5 25. Nxc6 Qxc3 26. bxc3 Bxc6 27. Rxc6 Rb8 28. Rf3 Rd8 29. Nd5 Rd7 30. c4 g6 31. e5 Rd8 32. d4 Rd7 33. Rf2 1-0

[Event "Bayern-chI Bank Hofmann 17th"]
[Site "Bad Wiessee"]
[Date "2013.11.02"]
[Round "9"]
[White "Bromberger, Stefan"]
[Black "Nuber, Korbinian"]
[Result "1-0"]
[WhiteElo "2521"]
[BlackElo "2270"]
[PlyCount "67"]
[EventDate "2013.10.26"]
[EventType "swiss"]
[EventRounds "9"]
[EventCountry "GER"]
[SourceTitle "EXT 2014"]
[Source "ChessBase"]
[SourceDate "2013.11.20"]
[SourceVersion "1"]
[SourceVersionDate "2013.11.20"]
[SourceQuality "1"]

1. e4 e6 2. d4 d5 3. Nc3 Bb4 4. e5 c5 5. a3 Bxc3+ 6. bxc3 Ne7 7. Nf3 b6 8. Bb5+ Bd7 9. Bd3 c4 10. Be2 Ba4 11. Nd2 Kd7 12. Nf1 h6 13. g4 Qg8 14. Ng3 Qh7 15. Ra2 Na6 16. f4 Nc7 17. 0-0 Kc6 18. f5 h5 19. gxh5 Nxf5 20. Nxf5 exf5 21. Rf2 Ne6 22. Qf1 g6 23. Bf3 Kd7 24. Bxd5 Bc6 25. Bxc6+ Kxc6 26. Qxc4+ Kb7 27. Qd5+ Ka6 28. h6 f4 29. a4 Rad8 30. Qb5+ Kb7 31. a5 Qxh6 32. axb6 Qh3 33. Rxa7+ Kb8 34. Ra8+ 1-0